Vývojové trendy čs. školského systému v souvislosti s vývojem školství v zahraničí : pro uživatele v odvětví školství /

Hlavní autor: Singule, František, 1921-1991
Jazyk: Čeština
Vydáno: Praha : Ústav školských informací při ministerstvu školství ČSR, 1984
Edice: Informace (Ústav školských informací)
Témata:
Fyzický popis: 122 s.
Knihy
Uloženo v:
LEADER 01220nam a22002772a 4500
001 000239855
003 CZ BrMZK
005 20100730131913.0
007 ta
008 970107s1984 xr f cze d
015 |a cnb000022744 
035 |a (OCoLC)39583961 
040 |a BOA001  |b cze 
100 1 |a Singule, František,  |d 1921-1991  |7 jk01111343  |4 aut 
245 1 0 |a Vývojové trendy čs. školského systému v souvislosti s vývojem školství v zahraničí :  |b pro uživatele v odvětví školství /  |c zpracoval František Singule. 
260 |a Praha :  |b Ústav školských informací při ministerstvu školství ČSR,  |c 1984 
300 |a 122 s. 
490 1 |a Informace 
830 0 |a Informace (Ústav školských informací)  |0 s 
910 |a BOA001  |b PK-0098.087  |b 2-0879.671 
920 |a 000124672 
964 |a Školství - ČSSR - soustava - rozvoj - perspektivy - studie srovnávací 
990 |a BK 
996 7 |b 2619971604  |c 2-0879.671  |l MZK  |r Sklad / do 1 hodiny  |n 9  |w 000239855  |u 000030  |a 1  |e BOA001  |j MZK50  |s A 
996 7 |b 3119910993  |c PK-0098.087  |l MZK  |r Sklad / do 1 hodiny  |n 5  |w 000239855  |u 000020  |a 1  |e BOA001  |j MZK50  |s A 
996 7 |b 3119910994  |c PK-0098.087  |l MZK  |r Sklad / do 1 hodiny  |n 5  |w 000239855  |u 000010  |a 1  |e BOA001  |j MZK50  |s A